Индикаторы науки и технологии: история, методология, стандарты измерения (Запись № 9661160)
[ простой вид ]
| 000 -МАРКЕР | |
|---|---|
| контрольное поле | 03104nam0a2200517 i 4500 |
| 001 - ИДЕНТИФИКАТОР ЗАПИСИ | |
| контрольное поле | RU\NLR\BIBL_A\010387506 |
| 005 - ИДЕНТИФИКАТОР ВЕРСИИ | |
| контрольное поле | 20260406134503.0 |
| 010 ## - МЕЖДУНАРОДНЫЙ СТАНДАРТНЫЙ НОМЕР КНИГИ (ISBN) | |
| Номер (ISBN) | 9785906001375 |
| Тираж | 750 |
| 021 ## - НОМЕР ГОСУДАРСТВЕННОЙ РЕГИСТРАЦИИ | |
| Код страны | российская федерация |
| Номер | 2014-25251 |
| Номер Листа государственной регистраци | 1566 |
| 035 ## - ДРУГИЕ СИСТЕМНЫЕ НОМЕРА | |
| Идентификатор записи | (NILC)RuMoRGB-006804321 |
| 035 ## - ДРУГИЕ СИСТЕМНЫЕ НОМЕРА | |
| Идентификатор записи | (NLR Aleph) 010387506 |
| 100 ## - ДАННЫЕ ОБЩЕЙ ОБРАБОТКИ | |
| Данные общей обработки | 20140604d2014 u y0rusy50 ca |
| 101 0# - ЯЗЫК РЕСУРСА | |
| Язык текста, звукозаписи и т.д. | русский |
| Язык резюме | английский |
| 102 ## - СТРАНА ПУБЛИКАЦИИ ИЛИ ПРОИЗВОДСТВА | |
| Страна публикации | российская федерация |
| 105 ## - ПОЛЕ КОДИРОВАННЫХ ДАННЫХ: ТЕКСТОВЫЕ МАТЕРИАЛЫ, МОНОГРАФИЧЕСКИЕ | |
| Кодированные данные о монографическом текстовом документе | y|||7|||001yy |
| 200 1# - ЗАГЛАВИЕ И СВЕДЕНИЯ ОБ ОТВЕТСТВЕННОСТИ | |
| Основное заглавие | Индикаторы науки и технологии: история, методология, стандарты измерения |
| Параллельное заглавие | Science and technology indicators: history, methodology, and measurements standards |
| Первые сведения об ответственности | Г. В. Осипов, С. В. Климовицкий |
| Последующие сведения об ответственности | Рос. акад. наук, Ин-т соц.-полит. исслед. [и др.] |
| Язык параллельного заглавия | английский |
| 210 ## - ПУБЛИКАЦИЯ, РАСПРОСТРАНЕНИЕ И ДР. | |
| Место издания, распространения и т.д. | Москва |
| Имя издателя, распространителя и т. д. | ЦПС и М |
| Дата издания, распространения и т.д. | 2014 |
| 215 ## - ФИЗИЧЕСКАЯ ХАРАКТЕРИСТИКА | |
| Специфическое обозначение материала и объем | 178, [1] с. |
| Размеры | 24 |
| 225 1# - СЕРИЯ | |
| Основное заглавие серии | Экономика и социология науки и образования |
| Сведения об ответственности | редкол.: Г. В. Осипов (пред.) [и др.] |
| 300 ## - ОБЩИЕ ПРИМЕЧАНИЯ | |
| Текст примечания | Авт. также на англ. яз.: G. Osipov, S. Klimovitskiy |
| 300 ## - ОБЩИЕ ПРИМЕЧАНИЯ | |
| Текст примечания | В надзаг. также: М-во образования и науки Рос. Федерации, Центр социол. исслед., Высш. шк. соврем. социал. наук МГУ им. М. В. Ломоносова, Науч. совет по прогр. фундам. исслед. Президиума РАН "Экономика и социология науки и образования" |
| 300 ## - ОБЩИЕ ПРИМЕЧАНИЯ | |
| Текст примечания | Рез. на англ. яз. |
| 313 ## - ПРИМЕЧАНИЯ, ОТНОСЯЩИЕСЯ К ТЕМАТИЧЕСКОМУ ДОСТУПУ | |
| Текст примечания | НИОКР |
| 320 ## - ПРИМЕЧАНИЯ О НАЛИЧИИ В ДОКУМЕНТЕ БИБЛИОГРАФИИ / УКАЗАТЕЛЯ | |
| Текст примечания | Библиогр.: с. 175-179 (98 назв.) |
| 510 1# - ПАРАЛЛЕЛЬНОЕ ЗАГЛАВИЕ | |
| Связь между полями | z22790 |
| Параллельное заглавие | Science and technology indicators: history, methodology, and measurements standards |
| Язык заглавия | английский |
| 606 1# - НАИМЕНОВАНИЕ ТЕМЫ КАК ПРЕДМЕТ | |
| Наименование темы | Научно-исследовательская работа |
| Тематический подзаголовок | Оценка |
| Системный номер авторитетной/нормативной записи | 1665153 |
| Идентификатор авторитетной/нормативной записи | RU\NLR\AUTH\66738110 |
| 606 1# - НАИМЕНОВАНИЕ ТЕМЫ КАК ПРЕДМЕТ | |
| Наименование темы | НИОКР |
| Системный номер авторитетной/нормативной записи | 2136540 |
| Идентификатор авторитетной/нормативной записи | RU\NLR\AUTH\661592622 |
| 606 ## - НАИМЕНОВАНИЕ ТЕМЫ КАК ПРЕДМЕТ | |
| Наименование темы | Наука |
| Тематический подзаголовок | Модернизация |
| Системный номер авторитетной/нормативной записи | 2201224 |
| Идентификатор авторитетной/нормативной записи | RU\NLR\AUTH\6601557593 |
| 606 ## - НАИМЕНОВАНИЕ ТЕМЫ КАК ПРЕДМЕТ | |
| Наименование темы | Инновационная деятельность |
| Системный номер авторитетной/нормативной записи | 2104761 |
| Идентификатор авторитетной/нормативной записи | RU\NLR\AUTH\661272548 |
| 610 0# - НЕКОНТРОЛИРУЕМЫЕ ПРЕДМЕТНЫЕ ТЕРМИНЫ | |
| Предметный термин | индикаторы науки и технологии |
| 675 ## - УНИВЕРСАЛЬНАЯ ДЕСЯТИЧНАЯ КЛАССИФИКАЦИЯ (UDC/УДК) | |
| Индекс | 001.894(082) |
| 686 1# - ИНДЕКСЫ ДРУГИХ КЛАССИФИКАЦИЙ | |
| Индекс | Ч214(0)к |
| 686 1# - ИНДЕКСЫ ДРУГИХ КЛАССИФИКАЦИЙ | |
| Индекс | У5-55 |
| 686 1# - ИНДЕКСЫ ДРУГИХ КЛАССИФИКАЦИЙ | |
| Индекс | Ч215.5 |
| 686 1# - ИНДЕКСЫ ДРУГИХ КЛАССИФИКАЦИЙ | |
| Индекс | Ж6 |
| 700 #1 - ИМЯ ЛИЦА - ПЕРВИЧНАЯ ОТВЕТСТВЕННОСТЬ | |
| Материалы, к которым относится поле | rus |
| Графика поля | Кириллица |
| Начальный элемент ввода | Осипов |
| Часть имени, кроме начального элемента ввода | Г. В. |
| Дополнения к именам, кроме дат | д-р филос. наук |
| Даты | 1929- |
| Расширение инициалов личного имени | Геннадий Васильевич |
| Идентификатор авторитетной/нормативной записи | RU\NLR\AUTH\772275 |
| Системный номер авторитетной/нормативной записи | 112291 |
| 701 #1 - ИМЯ ЛИЦА - АЛЬТЕРНАТИВНАЯ ОТВЕТСТВЕННОСТЬ | |
| Начальный элемент ввода | Климовицкий |
| Часть имени, кроме начального элемента ввода | С. В. |
| Дополнения к именам, кроме дат | канд. социол. наук |
| Расширение инициалов личного имени | Сергей Вениаминович |
| Системный номер авторитетной/нормативной записи | 135279 |
| Идентификатор авторитетной/нормативной записи | RU\NLR\AUTH\770135314 |
| 790 #1 - ИМЯ ЛИЦА - АЛЬТЕРНАТИВНАЯ ФОРМА | |
| Материалы, к которым относится поле | rus |
| Графика поля | Латинская |
| Начальный элемент ввода | Osipov |
| Часть имени, кроме начального элемента ввода | G. V. |
| Дополнения к именам, кроме дат | д-р филос. наук |
| Даты | 1929- |
| Расширение инициалов личного имени | Gennadij Vasil'evič |
| Идентификатор авторитетной/нормативной записи | RU\NLR\AUTH\772278 |
| Системный номер авторитетной/нормативной записи | 112294 |
| 790 #1 - ИМЯ ЛИЦА - АЛЬТЕРНАТИВНАЯ ФОРМА | |
| Графика поля | Латинская |
| Материалы, к которым относится поле | rus |
| Начальный элемент ввода | Klimovickij |
| Часть имени, кроме начального элемента ввода | S. V. |
| Дополнения к именам, кроме дат | канд. социол. наук |
| Расширение инициалов личного имени | Sergej Veniaminovič |
| Системный номер авторитетной/нормативной записи | 135281 |
| Идентификатор авторитетной/нормативной записи | RU\NLR\AUTH\770135316 |
| 801 #0 - ИСТОЧНИК ЗАПИСИ | |
| Страна | российская федерация |
| Организация | RuMoRKP |
| Дата составления | 20140407 |
| Правила каталогизации | RCR |
| 801 #2 - ИСТОЧНИК ЗАПИСИ | |
| Страна | российская федерация |
| Организация | РГБ |
| Дата составления | 20140507 |
| Правила каталогизации | rcr |
| 942 ## - ДОПОЛНИТЕЛЬНЫЕ ЭЛЕМЕНТЫ ЗАПИСИ (АБИС) | |
| Тип экземпляра АБИС | Книга |
| 980 ## - КОЛЛЕКЦИЯ | |
| Название коллекции | НБР |
Нет доступных экземпляров.